000 00324nam a2200109Ia 4500
008 180205s9999 xx 000 0 und d
020 _a9718928340
100 _aBauzon, Ma. Josefina V.
245 _cEvangelista, Teresita T.
_aRhythmic activities /
260 _aDagupan City
_bPublishing house
_c2000
300 _aii, 124 pages
999 _c354718
_d354718